000 00373nam a2200145Ia 4500
008 231129s2031||||xx |||||||||||||| ||spa||
020 _a978-958-46-1415-5
040 _bspa
082 _a914.2 H565p
100 _aHerrera Iván
245 0 _aPostales de viaje
260 _c2031
264 _aEl Peregrino ediciones
942 _2ddc
_cBKS
999 _c23097
_d23097